000 00307nam a2200133Ia 4500
008 240624s9999 xx 000 0 und d
041 _aeng
082 _a823 TAY
100 _aTAYLOR ABBIE
245 _aIN SAFE HANDS
260 _c2011
_alondon
_bBantam Books
300 _a462p. ; 20cm.
365 _cRS
_b25
999 _c19922
_d19922